000 00240nam a22001097a 4500
999 _c260994
_d260993
020 _a9780545232791
100 _aHolly Webb
245 _aGinger the Stray Kitten
260 _aNew York
_bScholastic
_c2009
300 _a120 pgs
942 _cBK